[Event "8. Arber-Schachopen 2019"]
[Site "Bodenmais"]
[Date "2019.08.02"]
[Round "7.25"]
[White "Speicher, Franz"]
[Black "Schwenkreis, Thomas"]
[Result "0-1"]
[WhiteElo "1895"]
[BlackElo "2048"]
[Annotator "NA"]
[PlyCount "106"]
[EventDate "2019.07.27"]
[EventCountry "GER"]
[SourceTitle "playchess.com"]
[Source "ChessBase"]
[SourceQuality "1"]
[TimeControl "40/5400+30:1800+30"]

1. d4 {[%emt 0:00:00]} Nf6 {[%emt 0:00:00]} 2. Bg5 {[%emt 0:00:23]} g6 {[%emt 0:00:00]} 3. Bxf6 {[%emt 0:00:21]} exf6 {[%emt 0:00:01]} 4. e3 {[%emt 0:00:33]} Bg7 {[%emt 0:00:04]} 5. g3 {[%emt 0:00:18]} O-O {[%emt 0:00:07]} 6. Bg2 {[%emt 0:00:14]} f5 {[%emt 0:00:09] A45: Trompowsky Attack} 7. Ne2 {[%emt 0:00:32]} c5 {[%emt 0:00:19]} (7... d6 8. c4 c6 9. Nbc3 Nd7 10. O-O Nf6 11. b4 Re8 12. Qd3 Qe7 13. b5 Ne4 14. a4 a6 15. bxc6 bxc6 16. Rab1 a5 17. Rb6 Ra6 18. Rb8 Qc7 19. Rfb1 Nf6 {1-0 (83) Kryakvin,D (2567)-Ponkratov,P (2605) Serpukhov 2018}) 8. c3 {[%emt 0:02:34]} Nc6 {[%emt 0:00:57]} 9. dxc5 {[%emt 0:06:34]} Qa5 {[%emt 0:00:56]} 10. Nd2 $146 {[%emt 0:14:43]} ({Predecessor:} 10. O-O Qxc5 11. Qd5 Qxd5 12. Bxd5 b6 13. Na3 Ba6 14. Bc4 {½-½ (37) Anatsky,A-Zhirnov,A Kiev 2004}) 10... Qxc5 {[%emt 0:01:07]} 11. Nf3 {[%emt 0:01:57]} a5 {[%emt 0:01:57]} 12. O-O {[%emt 0:06:03]} Ra6 {[%emt 0:00:31]} 13. Ned4 {[%emt 0:04:42]} Rb6 {[%emt 0:00:44]} 14. Qd2 {[%emt 0:03:50]} d6 {[%emt 0:01:04]} 15. Rfd1 {[%emt 0:01:45]} a4 {[%emt 0:04:18]} 16. Nxc6 {[%emt 0:03:42]} bxc6 {[%emt 0:04:09]} 17. Qxd6 {[%emt 0:09:16]} Qa5 {[%emt 0:01:46]} 18. Rab1 {[%emt 0:13:09]} Be6 {[%emt 0:02:25]} 19. Qa3 {[%emt 0:04:10]} Rfb8 {[%emt 0:03:48]} 20. b4 {[%emt 0:02:35]} Qa6 {[%emt 0:00:31]} 21. Bf1 {[%emt 0:00:54]} Qa8 {[%emt 0:00:11]} 22. Nd2 {[%emt 0:02:09]} Bf8 {[%emt 0:05:37]} 23. Nc4 {[%emt 0:03:07]} R6b7 {[%emt 0:00:10]} 24. Ne5 {[%emt 0:07:47]} c5 {[%emt 0:07:37]} 25. Bg2 {[%emt 0:08:24]} cxb4 {[%emt 0:03:04]} 26. cxb4 {[%emt 0:03:01]} Qa7 {[%emt 0:00:47]} 27. Nc6 {[%emt 0:01:01]} Qa6 {[%emt 0:02:38]} 28. Nxb8 {[%emt 0:00:15]} Rxb8 {[%emt 0:00:01]} 29. Bd5 {[%emt 0:01:44]} Qe2 {[%emt 0:03:22]} 30. Bxe6 {[%emt 0:00:25]} Rxb4 {[%emt 0:00:12]} 31. Bxf7+ {[%emt 0:02:05]} Kxf7 $18 {[%emt 0:00:19]} 32. Qc1 {[%emt 0:01:38]} Qxa2 {[%emt 0:02:09]} 33. Qc7+ {[%emt 0:00:45]} Kg8 {[%emt 0:02:07]} 34. Rxb4 {[%emt 0:00:22]} Bxb4 {[%emt 0:00:16]} 35. Rd8+ {[%emt 0:02:06]} Bf8 {[%emt 0:00:09]} 36. Qe7 {[%emt 0:01:38]} Qb1+ {[%emt 0:01:32]} 37. Kg2 {[%emt 0:00:13]} Qe4+ {[%emt 0:00:09]} 38. Qxe4 {[%emt 0:00:13]} fxe4 {[%emt 0:00:01]} 39. Ra8 {[%emt 0:00:24]} a3 {[%emt 0:00:06]} 40. f3 {[%emt 0:01:20]} Kf7 {[%emt 0:02:12]} 41. fxe4 {[%emt 0:00:59]} Be7 {[%emt 0:00:00]} 42. Ra6 {[%emt 0:01:01]} Ke8 {[%emt 0:00:15]} 43. Kf2 {[%emt 0:03:48]} Kd7 {[%emt 0:00:04]} 44. Ke2 {[%emt 0:04:36]} Kc7 {[%emt 0:00:06]} 45. Kd3 {[%emt 0:00:57]} Kb7 {[%emt 0:00:01]} 46. Ra4 {[%emt 0:00:27]} Kb6 {[%emt 0:01:13]} 47. Kc4 {[%emt 0:00:53]} Kc6 {[%emt 0:00:25]} 48. e5 {[%emt 0:03:11]} g5 {[%emt 0:01:00]} 49. g4 {[%emt 0:00:30]} Kb6 {[%emt 0:01:39]} 50. Kb3 {[%emt 0:03:17]} Kc6 {[%emt 0:00:26]} 51. Ra7 {[%emt 0:01:32]} Bc5 {[%emt 0:00:58]} 52. e4 {[%emt 0:01:21]} Bxa7 {[%emt 0:00:09]} 53. Kxa3 {[%emt 0:02:19]} Bd4 {[%emt 0:00:02]} 0-1

[Event "8. Arber-Schachopen 2019"]
[Site "Bodenmais"]
[Date "2019.08.02"]
[Round "7.26"]
[White "Navarro Gevers, Daniel"]
[Black "Huhs, Sven"]
[Result "1-0"]
[WhiteElo "1813"]
[BlackElo "2027"]
[Annotator "NA"]
[PlyCount "41"]
[EventDate "2019.07.27"]
[EventCountry "GER"]
[SourceTitle "playchess.com"]
[Source "ChessBase"]
[SourceQuality "1"]
[TimeControl "40/5400+30:1800+30"]

1. d4 {[%emt 0:00:00]} Nf6 {[%emt 0:00:00]} 2. Bg5 {[%emt 0:00:05]} d5 {[%emt 0:00:01]} 3. Bxf6 {[%emt 0:02:47]} gxf6 {[%emt 0:01:34]} 4. e3 {[%emt 0:01:23]} c5 {[%emt 0:06:35]} 5. dxc5 {[%emt 0:17:32]} e5 {[%emt 0:06:49]} 6. c4 {[%emt 0:06:36]} Qa5+ {[%emt 0:04:55]} 7. Nc3 {[%emt 0:03:56]} dxc4 {[%emt 0:06:31]} 8. Bxc4 {[%emt 0:00:55]} Be6 {[%emt 0:13:08]} 9. Bxe6 {[%emt 0:01:44]} fxe6 {[%emt 0:00:17]} 10. Qb3 {[%emt 0:00:31]} Nd7 {[%emt 0:00:37]} 11. Qxe6+ {[%emt 0:01:08]} Be7 {[%emt 0:02:53]} 12. Rd1 {[%emt 0:20:22]} Nxc5 {[%emt 0:00:47]} 13. Qf5 {[%emt 0:02:39]} e4 {[%emt 0:08:45]} 14. Kf1 {[%emt 0:05:57]} O-O {[%emt 0:10:15]} 15. Nge2 {[%emt 0:04:46]} Rad8 {[%emt 0:02:10]} 16. Nd4 {[%emt 0:01:28]} Qa6+ {[%emt 0:00:59]} 17. Kg1 {[%emt 0:00:30]} Rd6 {[%emt 0:08:20]} 18. Nxe4 {[%emt 0:01:38]} Qe2 {[%emt 0:03:36]} 19. Nc3 {[%emt 0:07:21]} Qxb2 {[%emt 0:00:39]} 20. Qxc5 {[%emt 0:01:05]} Rxd4 {[%emt 0:13:50]} 21. Qxd4 {[%emt 0:00:58]} 1-0

[Event "8. Arber-Schachopen 2019"]
[Site "Bodenmais"]
[Date "2019.08.03"]
[Round "8.1"]
[White "Bogdanov, Egor"]
[Black "Mirzoev, Emil"]
[Result "1-0"]
[WhiteElo "2407"]
[BlackElo "2493"]
[Annotator "ChessBase"]
[PlyCount "125"]
[EventDate "2019.07.27"]
[EventCountry "GER"]
[SourceTitle "playchess.com"]
[Source "ChessBase"]
[SourceQuality "1"]
[TimeControl "40/5400+30:1800+30"]

1. Nf3 {[%emt 0:06:22]} d6 {[%emt 0:16:32]} 2. d4 {[%emt 0:00:51]} Nd7 {[%emt 0:00:42]} 3. e4 {[%emt 0:00:47]} e5 {[%emt 0:01:16]} 4. Nc3 {[%emt 0:00:42]} Ngf6 {[%emt 0:02:18]} 5. Bc4 {[%emt 0:02:30]} exd4 {[%emt 0:00:13]} 6. Nxd4 {[%emt 0:00:10]} Ne5 {[%emt 0:01:14]} 7. Bb3 {[%emt 0:00:38]} Be7 {[%emt 0:00:04]} 8. O-O {[%emt 0:00:09]} O-O {[%emt 0:00:03]} 9. f4 {[%emt 0:00:59]} Ng6 {[%emt 0:03:02]} 10. h3 {[%emt 0:04:19]} Re8 {[%emt 0:01:20]} 11. Nf3 {[%emt 0:04:18]} h6 {[%emt 0:10:48]} 12. f5 {[%emt 0:02:16]} Ne5 {[%emt 0:00:39]} 13. Nxe5 {[%emt 0:00:30]} dxe5 {[%emt 0:00:33]} 14. Qf3 {[%emt 0:00:17]} c6 {[%emt 0:03:46]} 15. Be3 {[%emt 0:02:35]} Bb4 {[%emt 0:06:22]} 16. Rad1 {[%emt 0:02:25]} Qe7 {[%emt 0:04:17]} 17. Kh2 {[%emt 0:05:39]} a5 {[%emt 0:03:17]} 18. a4 {[%emt 0:00:38]} Bc5 {[%emt 0:07:30]} 19. Rd2 {[%emt 0:08:18]} b6 {[%emt 0:03:27]} 20. Rfd1 {[%emt 0:03:13]} Ra7 {[%emt 0:00:55]} 21. Bxc5 {[%emt 0:01:55]} Qxc5 {[%emt 0:00:59]} 22. Rd6 {[%emt 0:01:23]} Rd7 {[%emt 0:03:01]} 23. Rxf6 {[%emt 0:08:03]} gxf6 {[%emt 0:00:53]} 24. Qh5 {[%emt 0:00:10]} Qf8 {[%emt 0:06:09]} 25. Qg6+ {[%emt 0:11:36]} Kh8 {[%emt 0:01:25]} 26. Qxf6+ {[%emt 0:00:20]} Qg7 {[%emt 0:00:57]} 27. Qxc6 {[%emt 0:02:31]} Rg8 {[%emt 0:03:59]} 28. g4 {[%emt 0:02:53]} Rxd1 {[%emt 0:02:18]} 29. Nxd1 {[%emt 0:00:16]} Qg5 {[%emt 0:00:37]} 30. Nf2 {[%emt 0:01:55]} Ba6 {[%emt 0:05:22]} 31. Qc3 {[%emt 0:06:24]} Qf6 {[%emt 0:01:36]} 32. Kg3 {[%emt 0:04:44]} Rc8 {[%emt 0:01:36]} 33. Qe3 {[%emt 0:01:05]} Bc4 {[%emt 0:00:57]} 34. Qc3 {[%emt 0:00:55]} Ba6 {[%emt 0:01:16]} 35. Qe3 {[%emt 0:02:58]} Bc4 {[%emt 0:01:09]} 36. Qc3 {[%emt 0:00:37]} Be6 {[%emt 0:00:52]} 37. Qe3 {[%emt 0:00:33]} Bxb3 {[%emt 0:01:07]} 38. Qxb3 {[%emt 0:00:10]} Kg7 {[%emt 0:00:31]} 39. Nd3 {[%emt 0:05:23]} Qd6 {[%emt 0:01:33]} 40. Kf3 {[%emt 0:01:57]} f6 {[%emt 0:02:08]} 41. h4 {[%emt 0:31:18]} Rc7 {[%emt 0:30:48]} 42. Ke2 {[%emt 0:00:35]} Qd4 {[%emt 0:00:40]} 43. Kf3 {[%emt 0:00:32]} Rd7 {[%emt 0:00:00]} 44. Qe6 {[%emt 0:00:00]} Qd6 {[%emt 0:00:00]} 45. Qe8 {[%emt 0:00:00]} Rf7 {[%emt 0:00:00]} 46. b3 {[%emt 0:00:00]} Qd7 {[%emt 0:00:00]} 47. Qa8 {[%emt 0:00:00]} Qb7 {[%emt 0:00:00]} 48. Qe8 {[%emt 0:00:00]} Qe7 {[%emt 0:00:00]} 49. Qa8 {[%emt 0:00:00]} Qb7 {[%emt 0:00:00]} 50. Qe8 {[%emt 0:00:00]} Qe7 {[%emt 0:00:38]} 51. Qb5 {[%emt 0:00:00]} Qc7 {[%emt 0:00:47]} 52. c4 {[%emt 0:01:10]} Qd7 {[%emt 0:02:32]} 53. Qd5 {[%emt 0:00:56]} Qe8 {[%emt 0:00:20]} 54. Ke2 {[%emt 0:01:38]} Qe7 {[%emt 0:00:28]} 55. g5 {[%emt 0:00:17]} hxg5 {[%emt 0:01:17]} 56. hxg5 {[%emt 0:00:04]} Rf8 {[%emt 0:00:15]} 57. gxf6+ {[%emt 0:00:32]} Qxf6 {[%emt 0:00:08]} 58. Nxe5 {[%emt 0:00:08]} Re8 {[%emt 0:00:52]} 59. Ng4 {[%emt 0:00:55]} Qb2+ {[%emt 0:00:15]} 60. Kf3 {[%emt 0:00:04]} Qc3+ {[%emt 0:00:20]} 61. Ne3 {[%emt 0:00:11]} Rh8 {[%emt 0:00:28]} 62. Qd7+ {[%emt 0:00:25]} Kf6 {[%emt 0:00:20]} 63. e5+ {[%emt 0:00:18]} 1-0

[Event "8. Arber-Schachopen 2019"]
[Site "Bodenmais"]
[Date "2019.08.03"]
[Round "8.2"]
[White "Delchev, Aleksander"]
[Black "Rotstein, Arkadij"]
[Result "1-0"]
[WhiteElo "2571"]
[BlackElo "2471"]
[Annotator "ChessBase"]
[PlyCount "123"]
[EventDate "2019.07.27"]
[EventCountry "GER"]
[SourceTitle "playchess.com"]
[Source "ChessBase"]
[SourceQuality "1"]
[TimeControl "40/5400+30:1800+30"]

1. d4 {[%emt 0:01:47]} g6 {[%emt 0:00:00]} 2. e4 {[%emt 0:00:04]} Bg7 {[%emt 0:00:00]} 3. Nf3 {[%emt 0:00:03]} d6 {[%emt 0:00:16]} 4. Bd3 {[%emt 0:00:06]} Nd7 {[%emt 0:00:40]} 5. O-O {[%emt 0:00:13]} e5 {[%emt 0:00:21]} 6. c3 {[%emt 0:16:33]} Ne7 {[%emt 0:02:08]} 7. Re1 {[%emt 0:00:49]} O-O {[%emt 0:00:19]} 8. Nbd2 {[%emt 0:00:41]} b6 {[%emt 0:06:53]} 9. a4 {[%emt 0:00:33]} a5 {[%emt 0:04:05]} 10. Bb5 {[%emt 0:11:33]} Bb7 {[%emt 0:14:08]} 11. dxe5 {[%emt 0:02:05]} Nxe5 {[%emt 0:02:37]} 12. Nxe5 {[%emt 0:00:07]} dxe5 {[%emt 0:02:14]} 13. b3 {[%emt 0:00:55]} Bh6 {[%emt 0:07:48]} 14. Qe2 {[%emt 0:11:43]} Nc8 {[%emt 0:02:22]} 15. Rd1 {[%emt 0:00:05]} Nd6 {[%emt 0:02:47]} 16. Nc4 {[%emt 0:02:35]} Bxc1 {[%emt 0:00:10]} 17. Raxc1 {[%emt 0:00:11]} Qg5 {[%emt 0:08:13]} 18. Nxd6 {[%emt 0:03:36]} cxd6 {[%emt 0:00:08]} 19. Rc2 {[%emt 0:00:35]} Rad8 {[%emt 0:03:39]} 20. Ba6 {[%emt 0:18:11]} Ba8 {[%emt 0:04:10]} 21. Bc4 {[%emt 0:02:09]} Kg7 {[%emt 0:03:03]} 22. Rcd2 {[%emt 0:03:27]} Qe7 {[%emt 0:01:40]} 23. Bd5 {[%emt 0:00:22]} Bxd5 {[%emt 0:00:09]} 24. Rxd5 {[%emt 0:00:02]} f5 {[%emt 0:00:46]} 25. exf5 {[%emt 0:03:19]} Rxf5 {[%emt 0:00:20]} 26. Qe3 {[%emt 0:00:11]} Qc7 {[%emt 0:05:46]} 27. f3 {[%emt 0:02:06]} Rf6 {[%emt 0:01:11]} 28. c4 {[%emt 0:00:48]} Re8 {[%emt 0:03:01]} 29. Rb5 {[%emt 0:00:39]} Rb8 {[%emt 0:00:29]} 30. Qd3 {[%emt 0:02:04]} Re8 {[%emt 0:01:38]} 31. Re1 {[%emt 0:00:16]} Ref8 {[%emt 0:04:23]} 32. Rd5 {[%emt 0:01:50]} Re8 {[%emt 0:01:49]} 33. Re4 {[%emt 0:00:16]} Re7 {[%emt 0:01:32]} 34. Qe3 {[%emt 0:01:54]} Re8 {[%emt 0:01:08]} 35. Rb5 {[%emt 0:00:21]} Rb8 {[%emt 0:00:08]} 36. Kf1 {[%emt 0:00:11]} Rb7 {[%emt 0:00:59]} 37. Ke2 {[%emt 0:00:04]} Rf7 {[%emt 0:04:17]} 38. Kd2 {[%emt 0:01:12]} Qd8 {[%emt 0:01:11]} 39. Rd5 {[%emt 0:01:44]} Qc7 {[%emt 0:01:23]} 40. h4 {[%emt 0:04:21]} Rf6 {[%emt 0:03:22]} 41. Rb5 {[%emt 0:31:39]} Qc6 {[%emt 0:32:29]} 42. Kc2 {[%emt 0:00:39]} Qc7 {[%emt 0:01:07]} 43. Kb2 {[%emt 0:00:09]} Qc6 {[%emt 0:00:34]} 44. Ka3 {[%emt 0:03:16]} Qc7 {[%emt 0:00:24]} 45. Rd5 {[%emt 0:02:56]} Qc6 {[%emt 0:01:52]} 46. Qd3 {[%emt 0:00:23]} Rbf7 {[%emt 0:01:05]} 47. Ka2 {[%emt 0:00:07]} h5 {[%emt 0:02:46]} 48. Re2 {[%emt 0:03:52]} Re6 {[%emt 0:00:45]} 49. Qe3 {[%emt 0:01:14]} Ref6 {[%emt 0:00:00]} 50. Qd2 {[%emt 0:00:00]} Qc7 {[%emt 0:00:00]} 51. Re4 {[%emt 0:00:00]} Qc6 {[%emt 0:00:00]} 52. Qe3 {[%emt 0:00:00]} Kh7 {[%emt 0:00:00]} 53. Rb5 {[%emt 0:00:00]} Rb7 {[%emt 0:00:00]} 54. Ka3 {[%emt 0:00:00]} Kg7 {[%emt 0:00:00]} 55. g3 {[%emt 0:00:00]} Qc8 {[%emt 0:00:00]} 56. f4 {[%emt 0:00:00]} exf4 {[%emt 0:00:00]} 57. gxf4 {[%emt 0:00:00]} Qg4 {[%emt 0:00:00]} 58. f5 {[%emt 0:00:00]} Qd1 {[%emt 0:00:00]} 59. Qc3 {[%emt 0:00:00]} Rbf7 {[%emt 0:00:00]} 60. Re1 {[%emt 0:00:00]} Qg4 {[%emt 0:00:00]} 61. fxg6 {[%emt 0:00:00]} Rf8 {[%emt 0:00:03]} 62. Re7+ {[%emt 0:00:00]} 1-0

[Event "8. Arber-Schachopen 2019"]
[Site "Bodenmais"]
[Date "2019.08.03"]
[Round "8.3"]
[White "Milov, Leonid"]
[Black "Poetz, Florian"]
[Result "1/2-1/2"]
[WhiteElo "2472"]
[BlackElo "2389"]
[Annotator "ChessBase"]
[PlyCount "47"]
[EventDate "2019.07.27"]
[EventCountry "GER"]
[SourceTitle "playchess.com"]
[Source "ChessBase"]
[SourceQuality "1"]
[TimeControl "40/5400+30:1800+30"]

1. e4 {[%emt 0:02:05]} c5 {[%emt 0:00:00]} 2. Nf3 {[%emt 0:00:06]} e6 {[%emt 0:00:00]} 3. Nc3 {[%emt 0:00:35]} a6 {[%emt 0:00:24]} 4. d4 {[%emt 0:00:28]} cxd4 {[%emt 0:00:05]} 5. Nxd4 {[%emt 0:00:09]} b5 {[%emt 0:00:27]} 6. Be3 {[%emt 0:00:55]} Bb7 {[%emt 0:00:24]} 7. f3 {[%emt 0:00:29]} Qc7 {[%emt 0:02:26]} 8. Qd2 {[%emt 0:00:18]} Nf6 {[%emt 0:01:09]} 9. O-O-O {[%emt 0:00:37]} b4 {[%emt 0:01:08]} 10. Na4 {[%emt 0:00:58]} d5 {[%emt 0:00:15]} 11. e5 {[%emt 0:07:35]} Nfd7 {[%emt 0:00:12]} 12. f4 {[%emt 0:00:23]} Nc6 {[%emt 0:00:06]} 13. Nb3 {[%emt 0:32:44]} Be7 {[%emt 0:00:54]} 14. Qf2 {[%emt 0:01:05]} Na5 {[%emt 0:00:55]} 15. Nb6 {[%emt 0:01:48]} Nxb3+ {[%emt 0:03:31]} 16. axb3 {[%emt 0:00:10]} Nxb6 {[%emt 0:04:06]} 17. Bxb6 {[%emt 0:00:05]} Qd7 {[%emt 0:00:29]} 18. Bd3 {[%emt 0:01:12]} a5 {[%emt 0:01:30]} 19. Qe2 {[%emt 0:06:33]} O-O {[%emt 0:04:33]} 20. Bd4 {[%emt 0:01:12]} Rfc8 {[%emt 0:06:09]} 21. Kd2 {[%emt 0:11:23]} Bc5 {[%emt 0:02:10]} 22. Qe3 {[%emt 0:03:01]} Bxd4 {[%emt 0:01:20]} 23. Qxd4 {[%emt 0:01:21]} Ba6 {[%emt 0:00:39]} 24. Ra1 {[%emt 0:09:42]} 1/2-1/2

[Event "8. Arber-Schachopen 2019"]
[Site "Bodenmais"]
[Date "2019.08.03"]
[Round "8.4"]
[White "Peng, Li Min"]
[Black "Hausner, Ivan"]
[Result "1/2-1/2"]
[WhiteElo "2466"]
[BlackElo "2370"]
[Annotator "ChessBase"]
[PlyCount "25"]
[EventDate "2019.07.27"]
[EventCountry "GER"]
[SourceTitle "playchess.com"]
[Source "ChessBase"]
[SourceQuality "1"]
[TimeControl "40/5400+30:1800+30"]

1. d4 {[%emt 0:07:20]} Nf6 {[%emt 0:00:00]} 2. c4 {[%emt 0:00:07]} d6 {[%emt 0:00:00]} 3. Nc3 {[%emt 0:00:04]} e5 {[%emt 0:00:04]} 4. Nf3 {[%emt 0:00:04]} exd4 {[%emt 0:00:08]} 5. Nxd4 {[%emt 0:00:25]} g6 {[%emt 0:00:05]} 6. g3 {[%emt 0:06:42]} Bg7 {[%emt 0:00:06]} 7. Bg2 {[%emt 0:00:03]} O-O {[%emt 0:00:06]} 8. O-O {[%emt 0:00:03]} Nbd7 {[%emt 0:00:07]} 9. b3 {[%emt 0:01:25]} Nc5 {[%emt 0:00:45]} 10. Bb2 {[%emt 0:00:30]} a5 {[%emt 0:00:04]} 11. Qc2 {[%emt 0:00:19]} c6 {[%emt 0:00:49]} 12. Rad1 {[%emt 0:00:28]} Qb6 {[%emt 0:00:04]} 13. h3 {[%emt 0:13:03]} 1/2-1/2

[Event "8. Arber-Schachopen 2019"]
[Site "Bodenmais"]
[Date "2019.08.03"]
[Round "8.5"]
[White "Hoffmann, Michael"]
[Black "Woelk, Tom-Frederic"]
[Result "1-0"]
[WhiteElo "2438"]
[BlackElo "2229"]
[Annotator "NA"]
[PlyCount "85"]
[EventDate "2019.07.27"]
[EventCountry "GER"]
[SourceTitle "playchess.com"]
[Source "ChessBase"]
[SourceQuality "1"]
[TimeControl "40/5400+30:1800+30"]

1. c4 {[%emt 0:00:00]} e6 {[%emt 0:00:26]} 2. g3 {[%emt 0:03:53]} d5 {[%emt 0:00:07]} 3. Bg2 {[%emt 0:00:31]} Nf6 {[%emt 0:00:08]} 4. d4 {[%emt 0:02:03]} dxc4 {[%emt 0:05:24]} 5. Nf3 {[%emt 0:03:08]} Bb4+ {[%emt 0:01:21]} 6. Bd2 {[%emt 0:01:54]} a5 {[%emt 0:00:09]} 7. Qc2 {[%emt 0:03:50]} Bxd2+ {[%emt 0:03:14]} 8. Qxd2 {[%emt 0:04:15]} b5 {[%emt 0:10:28]} 9. a4 {[%emt 0:02:34]} b4 {[%emt 0:09:43]} 10. Ne5 {[%emt 0:01:49]} Ra7 {[%emt 0:01:10]} 11. Nxc4 {[%emt 0:04:03]} O-O {[%emt 0:01:30]} 12. O-O {[%emt 0:01:21]} Qe7 {[%emt 0:00:50]} 13. Qg5 {[%emt 0:13:02]} Rd8 {[%emt 0:06:17]} 14. e3 {[%emt 0:07:01]} h6 {[%emt 0:09:02]} 15. Qh4 {[%emt 0:03:17]} c5 {[%emt 0:00:59]} 16. dxc5 {[%emt 0:00:49]} Qxc5 {[%emt 0:00:44]} 17. Nbd2 {[%emt 0:00:17]} Ra6 {[%emt 0:06:52]} 18. Rfd1 {[%emt 0:09:04]} Qc7 {[%emt 0:15:01]} 19. Qf4 {[%emt 0:03:14]} Qa7 {[%emt 0:02:00]} 20. Nb3 {[%emt 0:03:08]} Nd5 {[%emt 0:04:31]} 21. Qd4 {[%emt 0:04:00]} Qxd4 {[%emt 0:00:51]} 22. Nxd4 {[%emt 0:00:20]} Nb6 {[%emt 0:04:17]} 23. Nxb6 {[%emt 0:02:47]} Rxb6 {[%emt 0:00:43]} 24. Rdc1 {[%emt 0:07:02]} Bd7 {[%emt 0:07:27]} 25. Rc5 {[%emt 0:00:48]} Ra6 {[%emt 0:00:32]} 26. Nb3 {[%emt 0:03:47]} Bc6 {[%emt 0:01:04]} 27. Rxa5 {[%emt 0:02:30]} Bxg2 {[%emt 0:00:21]} 28. Kxg2 {[%emt 0:00:34]} Rxa5 {[%emt 0:02:00]} 29. Nxa5 {[%emt 0:00:03]} f5 {[%emt 0:00:27]} 30. Rc1 {[%emt 0:00:33]} Kf7 {[%emt 0:00:27]} 31. Rc4 {[%emt 0:02:05]} Rd5 {[%emt 0:00:07]} 32. Nb3 {[%emt 0:00:26]} Na6 {[%emt 0:00:21]} 33. Rc6 {[%emt 0:00:34]} Rd3 {[%emt 0:00:07]} 34. Nd4 {[%emt 0:02:46]} Nb8 {[%emt 0:00:06]} 35. Rb6 {[%emt 0:00:31]} Nd7 {[%emt 0:00:04]} 36. Rxb4 {[%emt 0:02:54]} Nc5 {[%emt 0:00:05]} 37. a5 {[%emt 0:00:30]} Rd2 {[%emt 0:01:02]} 38. Rb5 {[%emt 0:02:01]} Ne4 {[%emt 0:00:55]} 39. a6 {[%emt 0:00:34]} Rxf2+ {[%emt 0:04:17]} 40. Kg1 {[%emt 0:00:09]} Rd2 {[%emt 0:00:07]} 41. a7 {[%emt 0:30:50]} Rd1+ {[%emt 0:30:10]} 42. Kg2 {[%emt 0:00:08]} Ra1 {[%emt 0:00:20]} 43. Nc6 {[%emt 0:00:19]} 1-0

[Event "8. Arber-Schachopen 2019"]
[Site "Bodenmais"]
[Date "2019.08.03"]
[Round "8.6"]
[White "Sergeev, Vladimir"]
[Black "Bensch, Patrick"]
[Result "1-0"]
[WhiteElo "2415"]
[BlackElo "2197"]
[Annotator "NA"]
[PlyCount "59"]
[EventDate "2019.07.27"]
[EventCountry "GER"]
[SourceTitle "playchess.com"]
[Source "ChessBase"]
[SourceQuality "1"]
[TimeControl "40/5400+30:1800+30"]

1. c4 {[%emt 0:02:45]} Nf6 {[%emt 0:00:36]} 2. Nc3 {[%emt 0:00:05]} d5 {[%emt 0:03:20]} 3. cxd5 {[%emt 0:00:08]} Nxd5 {[%emt 0:00:22]} 4. g3 {[%emt 0:00:16]} c5 {[%emt 0:01:40]} 5. Bg2 {[%emt 0:00:06]} Nc7 {[%emt 0:00:24]} 6. Nf3 {[%emt 0:02:25]} Nc6 {[%emt 0:00:42]} 7. Qa4 {[%emt 0:00:06]} Qd7 {[%emt 0:14:17]} 8. O-O {[%emt 0:01:26]} e5 {[%emt 0:06:11]} 9. a3 {[%emt 0:04:52]} f6 {[%emt 0:04:57]} 10. e3 {[%emt 0:00:36]} Be7 {[%emt 0:02:42]} 11. Rd1 {[%emt 0:02:35]} Qd3 {[%emt 0:23:48]} 12. b4 {[%emt 0:07:45]} O-O {[%emt 0:14:56]} 13. bxc5 {[%emt 0:19:31]} Be6 {[%emt 0:04:12]} 14. Bf1 {[%emt 0:09:26]} Qd7 {[%emt 0:03:08]} 15. d4 {[%emt 0:01:28]} exd4 {[%emt 0:06:02]} 16. Nxd4 {[%emt 0:02:18]} Nxd4 {[%emt 0:02:35]} 17. Qxd7 {[%emt 0:00:47]} Bxd7 {[%emt 0:00:27]} 18. exd4 {[%emt 0:00:08]} Rfe8 {[%emt 0:03:10]} 19. Be3 Bg4 {[%emt 0:02:22]} 20. Rd2 {[%emt 0:08:25]} b6 {[%emt 0:01:04]} 21. Bg2 {[%emt 0:01:01]} Rad8 {[%emt 0:00:25]} 22. c6 {[%emt 0:00:09]} Bd6 {[%emt 0:01:11]} 23. Rb1 {[%emt 0:07:00]} Bf5 {[%emt 0:00:36]} 24. Rb3 {[%emt 0:00:33]} Be6 {[%emt 0:01:07]} 25. d5 {[%emt 0:00:21]} Bf5 {[%emt 0:00:26]} 26. h3 {[%emt 0:02:27]} Be5 {[%emt 0:01:08]} 27. g4 {[%emt 0:06:00]} Bg6 {[%emt 0:00:29]} 28. Nb5 {[%emt 0:05:20]} Nxb5 {[%emt 0:00:34]} 29. Rxb5 {[%emt 0:00:04]} Bd6 {[%emt 0:00:56]} 30. a4 {[%emt 0:00:17]} 1-0

[Event "8. Arber-Schachopen 2019"]
[Site "Bodenmais"]
[Date "2019.08.03"]
[Round "8.7"]
[White "Hopman, Pieter"]
[Black "Bielmeier, Ludwig"]
[Result "1-0"]
[WhiteElo "2347"]
[BlackElo "2083"]
[Annotator "NA"]
[PlyCount "39"]
[EventDate "2019.07.27"]
[EventCountry "GER"]
[SourceTitle "playchess.com"]
[Source "ChessBase"]
[SourceQuality "1"]
[TimeControl "40/5400+30:1800+30"]

1. e4 {[%emt 0:00:00]} c6 {[%emt 0:03:15]} 2. d4 {[%emt 0:00:00]} d5 {[%emt 0:01:00]} 3. e5 {[%emt 0:00:00]} c5 {[%emt 0:01:34]} 4. Nf3 {[%emt 0:00:03]} Bg4 {[%emt 0:01:16]} 5. c4 {[%emt 0:02:25]} Nc6 {[%emt 0:03:06]} 6. cxd5 {[%emt 0:00:10]} Qxd5 {[%emt 0:01:28]} 7. Nc3 {[%emt 0:00:10]} Bxf3 {[%emt 0:11:53]} 8. Nxd5 {[%emt 0:00:08]} Bxd1 {[%emt 0:00:09]} 9. Nc7+ {[%emt 0:00:04]} Kd8 {[%emt 0:00:39]} 10. Nxa8 {[%emt 0:00:07]} Nxd4 {[%emt 0:02:06]} 11. Kxd1 {[%emt 0:00:24]} Kc8 {[%emt 0:00:37]} 12. Be3 {[%emt 0:00:45]} Nc6 {[%emt 0:03:51]} 13. Bxc5 {[%emt 0:03:10]} Kb8 {[%emt 0:06:39]} 14. Bb5 {[%emt 0:02:02]} Nxe5 {[%emt 0:17:22]} 15. Ke2 {[%emt 0:01:45]} f6 {[%emt 0:09:48]} 16. Rhd1 {[%emt 0:03:12]} Nf7 {[%emt 0:01:31]} 17. Rac1 {[%emt 0:00:49]} Kxa8 {[%emt 0:02:43]} 18. Be8 {[%emt 0:01:01]} b6 {[%emt 0:02:56]} 19. Bxf7 {[%emt 0:00:21]} bxc5 {[%emt 0:00:25]} 20. Rd8+ {[%emt 0:00:15]} 1-0